Revista Estudiantes de Ciencia Polt̕ica

Detalles Bibliográficos
Formato: eBook
Lenguaje:español
Publicado: Medelln̕: Universidad de Antioquia, 2011 -
Materias:
Acceso en línea:Acceso restringido

MARC

LEADER 00000nam a22000007a 4500
005 20190918001119.0
007 cr|||| |||
008 190918c20112016co fr|w s|||| 0|||b1spa d
022 |a 2339-3211 
035 |a 22376 
040 |a vLex 
090 |c 9553  |d 9553 
245 0 0 |a  Revista Estudiantes de Ciencia Polt̕ica  |h [Recurso electrn̤ico] / 
256 |a Servicio en ln̕ea 
260 |a Medelln̕:  |b Universidad de Antioquia,  |c 2011 - 
300 |a 1 recurso electrn̤ico 
310 |a Semestral 
362 |a Nð 1 (Julio. 2012) 
506 1 |a Disponible solo en los productos indicados  |d vLex Global  |d vLex Global (Academic Edition, excluding Law Schools)  |d vLex Global (U.S. Academic Edition, Law Schools)  |d vLex Global (U.S. Academic Edition, excluding Law Schools)  |d vLex Global (Academic Edition, Law Schools) 
650 0 4 |a Ciencia polt̕ica  |z Colombia 
740 0 |a vLex Revistas (Servicio en ln̕ea) 
856 4 0 |u http://vlex.com/source/revista-estudiantes-ciencia-politica-22376  |z Acceso restringido 
942 |c REV 
999 0 |a Politic science